International ventures in action : How to establish management profit from international (Record no. 1261482)

MARC details
000 -LEADER
fixed length control field 00623nam a2200193Ia 4500
005 - DATE AND TIME OF LATEST TRANSACTION
control field 20250317125918.0
008 - FIXED-LENGTH DATA ELEMENTS--GENERAL INFORMATION
fixed length control field 008 250317s9999 xx 000 0 eng d
020 ## - INTERNATIONAL STANDARD BOOK NUMBER
International Standard Book Number 0-09-173944-6
040 ## - CATALOGING SOURCE
Original cataloging agency FMSL
Language of cataloging eng
Transcribing agency FMSL
041 ## - LANGUAGE CODE
Language code of text/sound track or separate title eng
Source of code eng
084 ## - COLON CLASSIFICATION NUMBER
Classification number X65:5.1 M8
Assigning agency FMSL
100 ## - MAIN ENTRY--PERSONAL NAME
Personal name Goldenberg Susan
9 (RLIN) 243898
245 #0 - TITLE STATEMENT
Title International ventures in action : How to establish management profit from international
260 ## - PUBLICATION, DISTRIBUTION, ETC.
Place of publication, distribution, etc. Australia
Name of publisher, distributor, etc. Australia, Hutchinson Business Books
Date of publication, distribution, etc. 1988
300 ## - PHYSICAL DESCRIPTION
Extent 254p
942 ## - ADDED ENTRY ELEMENTS (KOHA)
Koha item type Textbook
Classification part X65:5.1 M8

No items available.

Copyright @ Delhi University Library System